Postavení nezávislých maloobchodních firem a možnost zvýšení jejich konkurenceschopnosti

Problematika udržateľnosti malých a stredných podnikov zameraná na maloobchodné firmy, ktorých ponuka sortimentu je z oblasti regionálných potravin a nákupná atmosféra a ďalšie doplnkové služby môžu ovlyvniť celkovú atraktívnosť danej destinácie.

Guardado en:
Detalles Bibliográficos
Autor principal: Záboj, Marek
Formato: Capítulo de libro
Lenguaje:checo
Materias:
Etiquetas: Agregar Etiqueta
Sin Etiquetas, Sea el primero en etiquetar este registro!

MARC

LEADER 00000naa a2200000 4500
001 0208061
005 20231127124854.9
041 0 |a cze 
044 |a CZ 
245 1 0 |a Postavení nezávislých maloobchodních firem a možnost zvýšení jejich konkurenceschopnosti  |c Marek Záboj 
520 |a Problematika udržateľnosti malých a stredných podnikov zameraná na maloobchodné firmy, ktorých ponuka sortimentu je z oblasti regionálných potravin a nákupná atmosféra a ďalšie doplnkové služby môžu ovlyvniť celkovú atraktívnosť danej destinácie. 
610 2 0 |a konkurencieschopnosť 
610 2 0 |a podnik malý 
610 2 0 |a podnik stredný 
610 2 0 |a maloobchod 
610 2 0 |a ruch cestovný 
100 1 |a Záboj, Marek